000 00467ntaaa2200169 4500
003 01
005 20251027203120.0
008 0714s1973 ag 01
040 _aAR-BaBN
_bspa
_cAR-BaBN
_eaacr
_dRIC
082 _a225.0000
245 _aA todo el mundo. Los Hechos de los Apóstoles. Versión Valera
250 _a1 ed. :
_bSociedades Bíblicas Unidas,
_c1951
300 _a32 p
650 _aBiblia-V.Testamento-Hechos
_932723
650 _aHechos
_94398
942 _cBK
999 _c26613
_d26613